Statistics for Middle East Countries and Capitals

Click here to take the quiz!

General Stats

  • This quiz has been taken 356 times
  • The average score is 25 of 32

Answer Stats

HintAnswer% Correct
What country is 7?Jordan
94%
What country is 9?Iran
93%
What country is 8?Iraq
93%
What country is 16?Oman
93%
Capital 11?Kuwait
92%
What country is 11?Kuwait
92%
What country is 2?Syria
92%
What country is 15?Yemen
92%
What country is 10?Saudi Arabia
91%
What country is 1?Turkey
91%
What country is 6?Israel
89%
What country is 3?Lebanon
88%
What country is 12?Bahrain
87%
What country is 5?Egypt
84%
What country is 13?Qatar
84%
Capital 6?Jerusalem
83%
What is the capital of 1?Ankara
82%
What is the capital of 2?Damascus
80%
Capital 9?Tehran
79%
Capital 8?Baghdad
77%
What is the captila of 3?Beirut
77%
Capital 7?Amman
74%
Capital 5?Cairo
74%
Capital 10?Riyadh
74%
Capital 16?Muscat
71%
Capital 15?Sanaa
70%
Capital 13?Doha
68%
Capital 12?Manama
62%
What country is 4?Palestine
54%
Capital 14?Abu Dhabi
53%
Capital 4?Ramallah
33%
What country is 14?United Arab Emirates
18%

Score Distribution

Percentile by Number Answered

Percent of People with Each Score

Your Score History

You have not taken this quiz